Muscoli - Statistics

Statistiche generali
  • Questo quiz è stato fatto 276 volte
    274 dall'ultimo reset
  • Il punteggio medio è 25 su 170
Statistiche sulle risposte
Hint Risposta % Corretto
Spalla Deltoide
71%
Torace (spinoappendicolare/cingolo scapolare) Trapezio
66%
Collo (laterale) Sternocleidomastoideo
60%
Braccio (anteriore) Bicipite brachiale
53%
Coscia (posteriore) Bicipite femorale
53%
Braccio (posteriore) Tricipite brachiale
52%
Coscia (anteriore) Quadricipite femorale
48%
Torace (toracoappendicolare/spalla) Grande pettorale
44%
Anca (dorsolaterale) Grande gluteo
43%
Gamba (posteriore) Gastrocnemio
39%
Gamba (posteriore) Soleo
39%
Braccio (anteriore) Brachiale
37%
Anca (dorsolaterale) Piccolo gluteo
37%
Torace (toracoappendicolare/cingolo scapolare) Piccolo pettorale
37%
Coscia (anteriore) Sartorio
37%
Addome Retto dell'addome
35%
Torace (spinoappendicolare/spalla) Grande dorsale
32%
Anca (dorsolaterale) Medio gluteo
32%
Spalla (cuffia dei rotatori) Sottoscapolare
32%
Spalla (cuffia dei rotatori) Piccolo rotondo
30%
Gamba (anteriore) Tibiale anteriore
29%
Spalla (cuffia dei rotatori) Infraspinato
27%
Testa (masticatore) Massetere
27%
Spalla (cuffia dei rotatori) Sovraspinato
27%
Torace Diaframma
26%
Spalla Grande rotondo
26%
Coscia (posteriore) Semimembranoso
26%
Coscia (posteriore) Semitendinoso
26%
Braccio (posteriore) Anconeo
25%
Avambraccio (laterale) Brachioradiale
25%
Testa (mimico) Buccinatore
25%
Gamba (posteriore) Tibiale posteriore
24%
Braccio (spalla) Coracobrachiale
23%
Torace (toracoappendicolare/cingolo scapolare) Dentato anteriore
23%
Coscia (mediale/gruppo degli adduttori) Adduttore lungo
22%
Coscia (mediale/gruppo degli adduttori) Gracile
22%
Coscia (mediale/gruppo degli adduttori) Grande adduttore
22%
Addome Obliquo esterno
22%
Addome Obliquo interno
22%
Collo (mimico) Platisma
22%
Avambraccio (anteriore/primo strato) Pronatore rotondo
22%
Addome Quadrato dei lombi
22%
Anca (ventrale) Iliaco
21%
Coscia (mediale/gruppo degli adduttori) Adduttore breve
20%
Avambraccio (anteriore/quarto strato) Pronatore quadrato
20%
Avambraccio (posteriore/secondo strato) Supinatore
20%
Testa (masticatore) Temporale
20%
Addome Trasverso dell'addome
20%
Anca (pelvitrocanterici) Piriforme
19%
Avambraccio (anteriore/primo strato) Flessore radiale del carpo
18%
Anca (dorsolaterale) Tensore della fascia lata
18%
Anca (ventrale) Grande psoas
17%
Torace (spinoappendicolare/cingolo scapolare) Elevatore della scapola
16%
Avambraccio (anteriore/primo strato) Flessore ulnare del carpo
16%
Mano (metacarpali) | Piede (plantare intermedio) Lombricali
16%
Dorso (sistema sacrospinale) Lunghissimo
16%
Coscia (mediale/gruppo degli adduttori) Pettineo
16%
Anca (ventrale/incostante) Piccolo psoas
16%
Addome (funicolo spermatico) Cremastere
15%
Torace (spinoappendicolare/cingolo scapolare) Grande romboide
15%
Testa (mimico) Orbicolare della bocca
15%
Anca (pelvitrocanterici) Otturatore esterno
15%
Anca (pelvitrocanterici) Otturatore interno
15%
Coscia (posteriore) Popliteo
15%
Collo (laterale) Scaleno anteriore
15%
Collo (laterale) Scaleno medio
15%
Collo (laterale) Scaleno posteriore
15%
Torace (toracoappendicolare/cingolo scapolare) Succlavio
15%
Testa (mimico) Orbicolare dell'occhio
14%
Anca (pelvitrocanterici) Gemello inferiore
13%
Anca (pelvitrocanterici) Gemello superiore
13%
Collo (sopraioideo) Miloioideo
13%
Avambraccio (anteriore/primo strato) Palmare lungo
13%
Torace (spinoappendicolare/cingolo scapolare) Piccolo romboide
13%
Avambraccio (posteriore/primo strato) Estensore ulnare del carpo
12%
Mano (Eminenza tenar) Adduttore del pollice
11%
Avambraccio (posteriore/secondo strato) Estensore lungo del pollice
11%
Gamba (posteriore) Flessore lungo delle dita
11%
Avambraccio (anteriore/terzo strato) Flessore profondo delle dita
11%
Avambraccio (anteriore/secondo strato) Flessore superficiale delle dita
11%
Collo (prevertebrale) Lungo del collo
11%
Collo (sottoioideo) Omoioideo
11%
Gamba (laterale) Peroniero breve
11%
Gamba (laterale) Peroniero lungo
11%
Dorso (sistema spinotrasversario) Splenio del collo
11%
Collo (sopraioideo) Digastrico
10%
Testa (mimico) Risorio
10%
Collo (sottoioideo) Sternoioideo
10%
Collo (sottoioideo) Tiroioideo
10%
Torace (spinocostale) Dentato posteriore inferiore
9%
Torace (spinocostale) Dentato posteriore superiore
9%
Gamba (anteriore) Estensore lungo delle dita
9%
Mano (Eminenza tenar) Flessore breve del pollice
9%
Avambraccio (anteriore/terzo strato) Flessore lungo del pollice
9%
Torace (intrinseco) Intercostale esterno
9%
Torace (intrinseco) Intercostale interno
9%
Gamba (posteriore) Plantare
9%
Testa (masticatore) Pterigoideo laterale
9%
Testa (masticatore) Pterigoideo mediale
9%
Anca (pelvitrocanterici) Quadrato del femore
9%
Dorso (sistema spinotrasversario) Splenio della testa
9%
Collo (sopraioideo) Stiloioideo
9%
Avambraccio (posteriore/ secondo strato) Abduttore lungo del pollice
8%
Avambraccio (posteriore/primo strato) Estensore comune delle dita
8%
Collo (sopraioideo) Genioioideo
8%
Dorso (sistema sacrospinale) Ileocostale
8%
Collo (prevertebrale) Lungo della testa
8%
Testa (mimico) Nasale
8%
Addome Piramidale
8%
Mano (Eminenza tenar) Abduttore breve del pollice
7%
Avambraccio (posteriore/secondo strato) Estensore breve del pollice
7%
Gamba (anteriore) Estensore lungo dell'alluce
7%
Mano (Eminenza tenar) Opponente del pollice
7%
Dorso (sistema spinale) Spinale
7%
Piede (plantare mediale) Flessore dell'alluce
6%
Mano (Eminenza Ipotenar) Flessore del mignolo
6%
Mano (metacarpali) | Piede (plantare intermedio) Interossei dorsali
6%
Mano (metacarpali) Interossei palmari
6%
Testa (mimico) Procero
6%
Dorso (sistema trasversariospinale) Semispinale
6%
Collo (sottoioideo) Sternotiroideo
6%
Torace (dorsale) Elevatore delle coste
5%
Testa (mimico) Epicranico
5%
Mano (Eminenza Ipotenar) Palmare breve
5%
Dorso (sistema trasversariospinale) Rotatori
5%
Mano (Eminenza Ipotenar) | Piede (plantare laterale) Abduttore del mignolo
4%
Testa (mimico) Corrugatore del sopracciglio
4%
Piede (dorsale) Estensore breve dell'alluce
4%
Avambraccio (laterale) Estensore radiale breve del carpo
4%
Avambraccio (laterale) Estensore radiale lungo del carpo
4%
Gamba (posteriore) Flessore lungo dell'alluce
4%
Torace (intrinseco) Intercostale intimo
4%
Dorso Intertrasversari
4%
Testa (mimico) Mentale
4%
Dorso (sistema trasversariospinale) Multifidi
4%
Torace (intrinseco) Trasverso del torace
4%
Testa (mimico) Depressore del labbro inferiore
3%
Testa (mimico) Elevatore del labbro superiore
3%
Testa (mimico) Elevatore dell'angolo della bocca
3%
Piede (dorsale) Estensore breve delle dita
3%
Avambraccio (posteriore/secondo strato) Estensore proprio dell'indice
3%
Testa (mimico) Grande zigomatico
3%
Dorso (sistema spinale) Interspinali
3%
Mano (Eminenza Ipotenar) | Piede (plantare laterale/incostante) Opponente del mignolo
3%
Testa (mimico) Piccolo zigomatico
3%
Suboccipitale Retto anteriore della testa
3%
Suboccipitale Retto laterale della testa
3%
Avambraccio (posteriore/primo strato) Estensore proprio del mignolo
2%
Piede (plantare intermedio) Interossei plantari
2%
Suboccipitale Obliquo inferiore della testa
2%
Suboccipitale Obliquo superiore della testa
2%
Torace (intrinseco) Sottocostale
2%
Piede (plantare mediale) Abduttore dell'alluce
1%
Piede (plantare mediale) Adduttore dell'alluce
1%
Testa (mimico) Auricolare anteriore
1%
Testa (mimico) Auricolare posteriore
1%
Testa (mimico) Auricolare superiore
1%
Testa (mimico) Depressore dell'angolo delle labbra
1%
Testa (mimico) Depressore del setto nasale
1%
Testa (mimico) Elevatore del labbro superiore e delle ali del naso
1%
Piede (plantare laterale) Flessore breve del mignolo
1%
Suboccipitale Grande retto posteriore della testa
1%
Suboccipitale Piccolo retto posteriore della testa
1%
Testa (mimico) Trasverso del mento
1%
Piede (plantare intermedio) Flessore breve della dita
0%
Piede (plantare intermedio) Plantare quadrato
0%
Nessun quiz corrispondente trovato
Distribuzione punteggi
Percentuale di utenti per punteggio
Percentile per numero di risposta
I tuoi punteggi nel tempo
Non hai fatto questo quiz dall'ultimo reset